Por una causa justa /
The novel is set during the Second World War and focuses primarily on the first years of the war in Stalingrad. The plot mainly centres around the Shaposhnikov family and their close friends and relatives; however, it also extends to depictions of Hitler as well as a kolkhoznik.
Збережено в:
| Автор: | |
|---|---|
| Інші автори: | |
| Формат: | Електронний ресурс eКнига |
| Мова: | Іспанська Російська |
| Опубліковано: |
Barcelona :
Galaxia Gutenberg,
[2014]
|
| Редагування: | Edición en formato digital. |
| Предмети: | |
| Онлайн доступ: | Digitalia Hispánica |
| Теги: |
Додати тег
Немає тегів, Будьте першим, хто поставить тег для цього запису!
|
MARC
| LEADER | 00000nam a2200000 i 4500 | ||
|---|---|---|---|
| 001 | DIGXIAGT095 | ||
| 003 | NyNyDIG | ||
| 006 | m o d | ||
| 008 | 210420s2014 sp o 000 f spa d | ||
| 007 | cr ||||||||||| | ||
| 035 | |a (OCoLC)1247940011 | ||
| 040 | |a DGITA |b eng |e rda |e pn |c DGITA | ||
| 020 | |a 9788416072675 |q eBook | ||
| 020 | |a 8416072671 |q eBook | ||
| 020 | |z 9788481099119 | ||
| 020 | |z 8481099112 | ||
| 041 | 1 | |a spa |h rus | |
| 050 | 1 | 4 | |a PG3476.G7 ebook |
| 082 | 0 | 4 | |a 891.7342 |a Fic |
| 100 | 1 | |a Grossman, Vasiliĭ, |e author. | |
| 240 | 1 | 0 | |a Za pravoye delo. |l Spanish |s (Kozinets) |
| 245 | 1 | 0 | |a Por una causa justa / |c Vasili Grossman ; traducción de Andréi Kozinets. |
| 250 | |a Edición en formato digital. | ||
| 264 | 1 | |a Barcelona : |b Galaxia Gutenberg, |c [2014] | |
| 300 | |a 1 online resource. | ||
| 336 | |a text |b txt |2 rdacontent | ||
| 337 | |a computer |b c |2 rdamedia | ||
| 338 | |a online resource |b cr |2 rdacarrier | ||
| 347 | |a text file |2 rdaft | ||
| 347 | |b PDF | ||
| 347 | |b EPUB | ||
| 520 | |a The novel is set during the Second World War and focuses primarily on the first years of the war in Stalingrad. The plot mainly centres around the Shaposhnikov family and their close friends and relatives; however, it also extends to depictions of Hitler as well as a kolkhoznik. | ||
| 588 | 0 | |a Online resource; title from PDF title page (Digitalia, viewed April 20, 2021) | |
| 655 | 7 | |a Fiction. |2 lcgft | |
| 655 | 0 | |a Electronic books. | |
| 700 | 1 | |a Kozinets, Andréi, |e translator. | |
| 700 | 1 | |i Traslation of: |a Grossman, Vasiliĭ. |t Za pravoye delo. | |
| 791 | 2 | |a Digitalia (Firm), |e distributor. | |
| 793 | 0 | |g Digitalia eBook Collection: |a Galaxia Gutenberg | |
| 776 | 0 | 8 | |i Print version: |a Grossman, Vasiliĭ. |s Za pravoye delo. Spanish (Kozinets). |t Por una causa justa. |b Primera edición. |d Barcelona : Galaxia Gutenberg, 2011 |z 9788481099119 |
| 856 | 4 | 0 | |3 Digitalia Hispánica |u https://digitalia.unach.elogim.com/a/28837/ |
| 910 | |a Premium collection: 2021 | ||